Utat' uMandela igqwetha / (Record no. 731539)

MARC details
000 -LEADER
fixed length control field 00723nam a22002297a 4500
003 - CONTROL NUMBER IDENTIFIER
control field 3228
005 - DATE AND TIME OF LATEST TRANSACTION
control field 20220912094336.0
008 - FIXED-LENGTH DATA ELEMENTS--GENERAL INFORMATION
fixed length control field 220912b sa ||||| |||| 00| 0 eng d
020 ## - INTERNATIONAL STANDARD BOOK NUMBER
International Standard Book Number 9781920263997
Qualifying information paperback
040 ## - CATALOGING SOURCE
Original cataloging agency DLC
Language of cataloging English
Transcribing agency DLC
Modifying agency 3228
Description conventions Resource Description and Access
041 ## - LANGUAGE CODE
Language code of text/sound track or separate title English
082 ## - DEWEY DECIMAL CLASSIFICATION NUMBER
Classification number JF MOST
100 ## - MAIN ENTRY--PERSONAL NAME
Personal name Tim Mostert
9 (RLIN) 130418
245 ## - TITLE STATEMENT
Title Utat' uMandela igqwetha /
Statement of responsibility, etc. Tim Mostert
250 ## - EDITION STATEMENT
Edition statement First edition
260 ## - PUBLICATION, DISTRIBUTION, ETC.
Place of publication, distribution, etc. Centurion:
Name of publisher, distributor, etc. Qualibooks Publishing,
Date of publication, distribution, etc. 2018
300 ## - PHYSICAL DESCRIPTION
Extent 16 pages :
Other physical details illustrations ;
Dimensions 21 cm
490 ## - SERIES STATEMENT
Series statement Speedy & Madiba
521 ## - TARGET AUDIENCE NOTE
Target audience note Juvenile
650 ## - SUBJECT ADDED ENTRY--TOPICAL TERM
Topical term or geographic name entry element Picture books for children
Form subdivision Biography Juvenile
Chronological subdivision Mandela, Nelson, 1918-2013
Geographic subdivision South Africa
9 (RLIN) 172195
942 ## - ADDED ENTRY ELEMENTS
Source of classification or shelving scheme Dewey Decimal Classification
item type Book
-- 5815
-- Pontsho Maoko
-- 5815
-- Pontsho Maoko
Holdings
Withdrawn status Lost status Source of classification or shelving scheme Damaged status Not for loan Collection code Home library Current library Shelving location Date acquired Total Checkouts Full call number Barcode Date last seen Price effective from item type
    Dewey Decimal Classification     Fiction KWAMHLANGA REGIONAL LIBRARY SIYABUSWA Children's Area 12.09.2022   JF MOST 3328031022105 12.09.2022 12.09.2022 Book